000 00464nam a22001697a 4500
003 NUST - PNEC
005 20170116181044.0
008 150923b xxu||||| |||| 00| 0 eng d
020 _a0099453320
040 _cLIBRARY
082 _a658.42109 JAC
100 _911660
_aJackson, M. A.
245 _aLife lessons from history's heroes :
_blook back to get ahead
_cM. A. Jackson
260 _c2003
650 _96814
_aEntrepreneurship
_xGeneral
942 _2ddc
_cBK
999 _c68173
_d68173